| 000 | | | 06007nmc2a22000003x 450 |
| 001 | | | e3685bdf-0f3f-4118-873d-3d3fe8bb6e39 |
| 005 | | | 20190702141822.0 |
| 100 | ## | $a | 20161111l18081808k l0rusy0189 ca |
| 101 | 0# | $a | rus |
| 102 | ## | $a | RU |
| 200 | 1# | $a | Дело о продлении отпуска двум братьям Кощинским, находящимся за границей, и о найме музыкантов для балов и маскарадов |
| | $j | 20 апреля - 15 декабря 1808 г. |
| 251 | ## | $c | Дело |
| 300 | ## | $a | Дело |
| 801 | #0 | $a | RU |
| | $b | РГИА |
| | $c | 20161111 |
| | $g | RCR |
| 801 | #1 | $a | RU |
| | $b | ГлавНИВЦ |
| | $c | 20161111 |
| | $2 | rusmarc |
| 801 | #2 | $a | RU |
| | $b | ПБ им. Б.Н. Ельцина |
| | $c | 20180928 |
| | $g | RCR |
| | $2 | rusmarc |
| 850 | ## | $a | РГИА |
| 852 | ## | $a | РГИА |
| | $e | Федеральное казенное учреждение "Российский государственный исторический архив" (РГИА) |
| | $j | 143 |
| 937 | ## | $h | РГИА |
| | $d | 12233961 |
| | $a | ASBIBLIO_SCAN |
| 462 | #0 | $1 | 001dd3991dc-24e1-42ec-8838-ca4255420416 |
| | $1 | 2001 |
| | $a | 1746-1850 гг. |
| | $1 | 251 |
| | $c | Опись |
| | $1 | 852 |
| | $j | 1 |
| 461 | #0 | $1 | 0019264ebf8-de62-4f1a-9eb4-9f22098dbbd5 |
| | $1 | 2001 |
| | $a | Дирекция императорских театров МИДв |
| | $1 | 251 |
| | $c | Фонд |
| | $1 | 852 |
| | $j | 497 |
| 215 | ## | $a | 9 л. |
| | $d | 36,5х26 см |
| 371 | ## | $a | Документ не является опубликованным и широко распространяемым |
| 105 | ## | $a | y### |
| 122 | 2# | $a | d |
| 035 | ## | $a | e3685bdf-0f3f-4118-873d-3d3fe8bb6e39 |
| 856 | ## | $u | http://readingroom.main.prlib.ru/item.aspx?id_node=n118720322&mode=full |
| 601 | 02 | $2 | prlib_sh |
| | $3 | LIBNET\UAF\0000083438 |
| | $a | Большой (Каменный) театр |
| | $c | Санкт-Петербург, город |
| | $x | История |
| | $j | Документы и материалы |
| 601 | 01 | $a | Россия |
| | $2 | prlib_sh |
| | $3 | LIBNET\UAF\0000080151 |
| | $b | Дирекция императорских театров |
| | $x | Деятельность |
| | $j | Документы и материалы |
| 606 | 1# | $2 | prlib_sh |
| | $3 | LIBNET\UAF\0000083534 |
| | $a | Музыканты |
| | $x | История |
| | $y | Россия |
| | $j | Документы и материалы |
| 606 | 1# | $a | Театральная жизнь |
| | $y | Россия |
| | $z | 19 в. |
| | $j | Документы и материалы |
| | $2 | nlr_sh |
| | $3 | RU\NLR\AUTH\661467966 |
| 606 | 1# | $a | Балы |
| | $y | Санкт-Петербург, город |
| | $z | 19 в. |
| | $j | Документы и материалы |
| | $2 | nlr_sh |
| | $3 | RU\NLR\AUTH\661336288 |
| 605 | ## | $2 | acquisition_Prlib |
| | $3 | LIBNET\UAF\0000080478 |
| | $a | Год театра в России |
| | $l | коллекция |
| 605 | ## | $a | Россия в лицах |
| | $l | коллекция |
| | $2 | acquisition_Prlib |
| | $3 | DITM\AF\0000004166 |
| 686 | ## | $2 | rubbk |
| | $a | 85.33 |
| | $v | LBC/M |
| 686 | ## | $2 | rubbk |
| | $a | 63.3(2)5211-7 |
| | $v | LBC/M |